000 00536nam a2200169 4500
001 108728
003 ES-MaACL
005 20250702063055.0
007 t|
008 061121s1912 sp r ||||1| cat d
100 0 _aMontoliu, Manuel de,
_d1877-1961
_982679
245 1 0 _aEstudis de literatura catalana /
_cManuel de Montoliu ; proleg de Miguel S. Oliver.
260 _aBarcelona :
_bSocietat Catalana d' Edicions,
_c1912.
300 _a281 p. ;
_c22 cm.
852 _aES-MaACL
_jF-14086
_bR.47334
999 _c108728
_d108728